[Event "TCh-SVK"]
[Site "SVK"]
[Date "2001.02.10"]
[Round "8"]
[White "Ciganikova,A"]
[Black "Zambor,N"]
[Result "1/2-1/2"]
[WhiteElo "2165"]
[BlackElo "2240"]

1.e4 c6 2.d4 g6 3.Nc3 Bg7 4.Nf3 d5 5.h3 f6 6.Be3 Nh6 7.Qd2 Nf7 8.Be2 O-O
9.O-O b6 10.Rad1 Na6 11.Rfe1 Nc7 12.Nh2 e6 13.Ng4 dxe4 14.Nh6+ Nxh6 15.Bxh6 f5
16.Bxg7 Kxg7 17.f3 exf3 18.Bxf3 Nd5 19.Ne2 Qd6 20.c4 Nf6 21.Qe3 Bd7 22.Qe5 Qb8
23.Nf4 Re8 24.Re3 Kf7 25.Nd3 Ke7 26.Nb4 Qd6 27.Qxd6+ Kxd6 28.c5+ Kc7 29.cxb6+ axb6
30.Rc1 Nd5 31.Bxd5 exd5 32.Rxe8 Bxe8 33.Nxd5+ Kb7 34.Nc3 Kc7 35.Re1 Kd6 36.Kf2 Bf7
37.a3 b5 38.h4 Rb8 39.Re2 b4 40.axb4 Rxb4 41.Rd2 h6 42.g3 Bd5 43.Ke3 Rb8
44.Kf4 Ke6 45.Re2+ Kf6 46.Nxd5+ cxd5 47.Rc2 g5+ 48.hxg5+ hxg5+ 49.Kf3 Kg6
50.Rc5 Rb3+ 51.Kf2 Rxb2+ 52.Kf3 Rb3+ 53.Kf2 Kh5 54.Rxd5 Kg4 55.Re5 Rf3+ 56.Ke2 Rxg3
57.d5 Rg2+ 58.Kd3 Rg3+ 59.Kc2 Rg2+ 60.Kc3 Ra2 61.d6 Ra8 62.d7 Rd8 63.Rd5 Kf4
64.Kd3 g4 65.Ke2 Ke4 66.Rd1 Ke5 67.Kf2 Ke6 68.Re1+ Kxd7 69.Re5 Rf8 70.Kg3 Kd6
71.Kf4 g3 72.Re3 Kd5 73.Rxg3 Ke6 74.Rg6+ Rf6 75.Rxf6+ Kxf6 76.Kf3  1/2-1/2

[Event "TCh-SVK"]
[Site "SVK"]
[Date "2001.02.10"]
[Round "8"]
[White "Kovacik,E"]
[Black "Petrik,K"]
[Result "0-1"]
[WhiteElo "2183"]
[BlackElo "2229"]

1.e4 c6 2.d4 g6 3.Nc3 Bg7 4.Bc4 d5 5.exd5 b5 6.Bb3 b4 7.Nce2 cxd5 8.Nf3 Nf6
9.O-O O-O 10.Ne5 a5 11.a4 Ba6 12.Re1 Qb6 13.Nf4 e6 14.Be3 Nfd7 15.Qf3 Bb7
16.h4 Nxe5 17.dxe5 Qc7 18.Bd4 Nc6 19.c3 bxc3 20.bxc3 Rfc8 21.Rac1 Qe7 22.h5 Qg5
23.hxg6 hxg6 24.Nd3 Ba6 25.Nf4 Bxe5 26.Rxe5 Nxe5 27.Qh3 Qxf4 28.Re1 Qg4 29.Qh6 Nf3+  0-1

[Event "ch-NED semi-finals"]
[Site "Leeuwarder NED"]
[Date "2001.02.11"]
[Round "1.2"]
[White "Blokhuis,J"]
[Black "Hommeles,T"]
[Result "1-0"]
[WhiteElo "2305"]
[BlackElo "2422"]

1.e4 g6 2.d4 Bg7 3.Nc3 c6 4.Be3 b5 5.Bd3 d6 6.Qd2 Nd7 7.Nf3 Qc7 8.Ne2 Qb8
9.O-O Ngf6 10.Bh6 O-O 11.Ng3 Re8 12.Bxg7 Kxg7 13.Qg5 Ng8 14.Nf5+ Kf8 15.Nh6 Ndf6
16.e5 Kg7 17.Nxg8 Nxg8 18.Rae1 Be6 19.Qh4 f6 20.Re2 Qc8 21.Rfe1 Qd7 22.Qg3 f5
23.d5 Bxd5 24.e6 Qc8 25.Nh4 Be4 26.Bxe4 fxe4 27.Rxe4 Rf8 28.Qc3+ Nf6 29.Rg4 Qe8
30.Nf5+ Kh8 31.Nh6 a5 32.b3 b4 33.Qb2 Rb8 34.Nf7+ Kg7 35.Rf4 h6 36.Qc1 Rxf7
37.exf7 Qxf7 38.c4 e5 39.Rh4 g5 40.Rh3 Re8 41.a3 d5 42.cxd5 cxd5 43.axb4 axb4
44.Qc5 Qe7 45.Qb6 d4 46.Rc1 g4 47.Rg3 Rd8 48.h3 h5 49.hxg4 hxg4 50.Rd3 Nd5
51.Qa5 Nc3 52.Re1 Rd5 53.Qb6 Qc5 54.Qe6 Qd6 55.Qxg4+ Qg6 56.Qh3 e4 57.Rg3 Rg5
58.Qd7+ Kh6 59.Rxg5 Qxg5 60.Qxd4  1-0

[Event "TCh-SVK"]
[Site "SVK"]
[Date "2001.02.11"]
[Round "9"]
[White "Podoba,M"]
[Black "Strachan,J"]
[Result "1/2-1/2"]
[WhiteElo "2127"]
[BlackElo "2209"]

1.e4 g6 2.d4 c6 3.Nc3 Bg7 4.Nf3 d6 5.Be3 Nf6 6.Be2 O-O 7.O-O Nbd7 8.h3 e5
9.dxe5 dxe5 10.Qd2 Re8 11.Rad1 Qa5 12.Bc4 b5 13.Bd3 b4 14.Nb1 Nc5 15.a3 Ncxe4
16.Qxb4 Qxb4 17.axb4 Bf8 18.c3 a5 19.bxa5 Rxa5 20.Nbd2  1/2-1/2

[Event "ch-ROM Women"]
[Site "Baile Tusnad ROM"]
[Date "2001.02.14"]
[Round "7"]
[White "Jicman,L"]
[Black "Ionescu Brandis,I"]
[Result "1/2-1/2"]
[WhiteElo "2231"]
[BlackElo "2330"]

1.e4 g6 2.d4 Bg7 3.Nc3 c6 4.Be3 Qb6 5.Rb1 d6 6.h3 Nf6 7.Nf3 O-O 8.Qd2 Qc7
9.Bh6 e5 10.Bd3 b5 11.O-O Nbd7 12.Ne2 d5 13.dxe5 Nxe4 14.Bxe4 dxe4 15.Bxg7 Kxg7
16.Ng5 Qxe5 17.Qc3  1/2-1/2

[Event "ch-ROM"]
[Site "Baile Tusnad ROM"]
[Date "2001.02.16"]
[Round "11"]
[White "Cosma,I"]
[Black "Foisor,O"]
[Result "1-0"]
[WhiteElo "2468"]
[BlackElo "2409"]

1.e4 g6 2.d4 Bg7 3.Nc3 c6 4.Nf3 d5 5.h3 Nh6 6.Bf4 f6 7.exd5 cxd5 8.Nb5 Na6
9.c4 Nf7 10.cxd5 Qxd5 11.Nc3 Qf5 12.Bg3 Nd6 13.Bxd6 exd6 14.Bb5+ Bd7 15.Qe2+ Kd8
16.O-O Nc7 17.Bd3 Qf4 18.Rfe1 Re8 19.Qc2 Bc6 20.Rxe8+ Kxe8 21.d5 Nxd5 22.Re1+ Kf8
23.Re4 Qf5 24.Rd4  1-0

[Event "ch-ROM Women"]
[Site "Baile Tusnad ROM"]
[Date "2001.02.20"]
[Round "13"]
[White "Duminica,M"]
[Black "Bogza,A"]
[Result "0-1"]
[WhiteElo "2073"]
[BlackElo "2274"]

1.e4 g6 2.d4 Bg7 3.Nc3 c6 4.Nf3 d6 5.Be3 Nf6 6.Qd2 Qa5 7.Bd3 Nbd7 8.O-O Ng4
9.Bg5 h6 10.Bh4 e5 11.dxe5 dxe5 12.a3 Qc7 13.Bc4 Ngf6 14.h3 O-O 15.Rad1 Re8
16.Bg3 Nh5 17.Bh2 Nf4 18.Ne2 g5 19.Ng3 Nb6 20.Bb3 Be6 21.Bxe6 fxe6 22.b3 Qf7
23.Qe3 Rad8 24.a4 Qf6 25.a5 Nc8 26.Rd2 b6 27.axb6 axb6 28.Rfd1 Rxd2 29.Rxd2 Rf8
30.Ne1 Rf7 31.Qc3 Na7 32.Nd3 Kh7 33.Kh1 c5 34.Nb2 Nb5 35.Qe3 h5 36.Bg1 Bh6
37.Rd1 g4 38.hxg4 hxg4 39.Qe1 Qh4+ 40.Bh2 Nd4 41.Qf1 Nfe2 42.Nxe2 Rxf2 43.Qe1 Nf3  0-1

[Event "It"]
[Site "Tel Aviv ISR"]
[Date "2001.02.21"]
[Round "2"]
[White "Gyimesi,Z"]
[Black "Van Mil,J"]
[Result "1-0"]
[WhiteElo "2564"]
[BlackElo "2421"]

1.d4 g6 2.e4 Bg7 3.Nc3 c6 4.Bc4 d6 5.Qf3 e6 6.Nge2 Nd7 7.O-O Ngf6 8.Bb3 e5
9.Bg5 Qe7 10.Rad1 h6 11.Bh4 g5 12.Bg3 Nf8 13.Qd3 Ng6 14.dxe5 dxe5 15.f3 h5
16.Bf2 h4 17.Rd2 Nh5 18.Rfd1 Bf6 19.Na4 Ngf4 20.Nxf4 Nxf4 21.Qc3 Qc7 22.Bc5 Be7
23.Bxe7 Kxe7 24.g3 hxg3 25.hxg3 Ne6 26.Bxe6 Bxe6 27.Nc5 Rad8 28.g4 Bc8 29.Rxd8 Rxd8
30.Rxd8 Kxd8 31.Qd2+ Ke8 32.Qxg5 Qe7 33.Qg8+ Qf8 34.Qxf8+ Kxf8 35.Nd3 f6
36.g5 Kf7 37.gxf6 Kxf6 38.Kf2 b6 39.Ke3 a5 40.a3 Ke6 41.b3 c5 42.a4 Bd7 43.c4 Kd6
44.Nf2 Be8 45.Nd1 Bh5 46.Nc3 Kc6 47.Kf2 Kc7 48.Kg3 Kb7 49.Nd5 Kc6 50.Nf6 Bf7
51.Kh4 Be6 52.Kg5 Kd6 53.Nd5 Bh3 54.Ne3 Bd7 55.Kf6  1-0

[Event "Tch-NED"]
[Site "NED"]
[Date "2001.03.04"]
[Round "6"]
[White "Hendriks,W"]
[Black "Hartoch,R"]
[Result "1/2-1/2"]
[WhiteElo "2338"]
[BlackElo "2319"]

1.e4 g6 2.d4 Bg7 3.Nc3 c6 4.f4 d5 5.e5 Nh6 6.Nf3 Bg4 7.Be3 f6 8.Be2 O-O 9.O-O Nf5
10.Bf2 Bh6 11.g3 Nd7 12.Kg2 fxe5  1/2-1/2

[Event "Victor Ciocaltea Mem"]
[Site "Bucharest ROM"]
[Date "2001.03.07"]
[Round "4"]
[White "Fressinet,L"]
[Black "Iordachescu,V"]
[Result "1-0"]
[WhiteElo "2581"]
[BlackElo "2578"]

1.e4 g6 2.d4 Bg7 3.Nc3 c6 4.Nf3 d6 5.Bg5 Qb6 6.Qd2 Qxb2 7.Rb1 Qa3 8.Bc4 Qa5
9.O-O Nd7 10.Rfe1 h6 11.Bh4 Nb6 12.Bb3 Qh5 13.Bg3 Bg4 14.Re3 Qa5 15.h3 Bxf3
16.Rxf3 Nf6 17.e5 dxe5 18.dxe5 Nfd5 19.Bxd5 Nxd5 20.Rxb7 O-O 21.Rd3 Nxc3
22.Qxc3 Qxa2 23.Rxe7 a5 24.Qxc6 Rac8 25.Qf3 Rxc2 26.e6 Rc1+ 27.Kh2 Qa1 28.exf7+ Kh7
29.Bd6 Rh1+ 30.Kg3 Qa2 31.Qd5 Qa1 32.Rd7 Qg1 33.Bxf8 Qh2+ 34.Kf3 Rg1 35.Ke2  1-0

[Event "Open"]
[Site "Bad Woerishofen GER"]
[Date "2001.03.15"]
[Round "1"]
[White "Pirrot,D"]
[Black "Gossmann,E"]
[Result "1-0"]
[WhiteElo "2445"]
[BlackElo "2014"]

1.e4 g6 2.d4 Bg7 3.Nc3 c6 4.f4 d5 5.e5 h5 6.Be3 Nh6 7.Nf3 Bg4 8.h3 Bxf3 9.Qxf3 Nf5
10.Bf2 h4 11.Bd3 e6 12.O-O Bf8 13.Ne2 Be7 14.b3 Nd7 15.c4 Kf8 16.Rfb1 Kg7
17.c5 Qg8 18.b4 a6 19.a4 Qh7 20.b5 axb5 21.axb5 Rac8 22.bxc6  1-0

[Event "Czech Extra League 2000-1"]
[Site "CZE"]
[Date "2001.03.17"]
[Round "8"]
[White "Navara,D"]
[Black "Mozny,M"]
[Result "1-0"]
[WhiteElo "2466"]
[BlackElo "2412"]

1.e4 g6 2.d4 Bg7 3.Nc3 c6 4.Nf3 d6 5.Be3 Nf6 6.h3 Qc7 7.Be2 O-O 8.O-O Nbd7
9.a4 e5 10.dxe5 dxe5 11.a5 Re8 12.Qb1 Nf8 13.Rd1 Ne6 14.Bc4 Nh5 15.b4 Nhf4
16.Qb3 Nd4 17.Nxd4 exd4 18.Bxd4 Bxh3 19.Bxg7 Kxg7 20.gxh3 Nxh3+ 21.Kg2 Nf4+
22.Kf1 Qe5 23.Ne2 Qxe4 24.f3 Qf5 25.Nxf4 Qxf4 26.Qc3+ f6 27.Rd4 Qh2 28.Rd7+ Kh6
29.Qd2+ Qxd2 30.Rxd2 Re7 31.Kf2 Rc8 32.Rad1 Rcc7 33.Rd6 Kg7 34.Be6 f5 35.c4 a6
36.Rd7 Kf6 37.Rxc7 Rxc7 38.Rd7 Rc8 39.Bf7 Rb8 40.c5 f4 41.Bc4 h5 42.Rd6+ Ke5
43.Bf7 g5 44.Bxh5 Rh8 45.Bg4 Rh2+ 46.Kg1 Rb2 47.Re6+ Kd4 48.Re4+ Kc3 49.Bc8 Rb1+
50.Kg2 Rb2+ 51.Kh3 Rf2 52.Kg4 Rg2+ 53.Kh5  1-0

[Event "Tch-NED"]
[Site "NED"]
[Date "2001.03.24"]
[Round "7"]
[White "Glek,I"]
[Black "Hommeles,T"]
[Result "1-0"]
[WhiteElo "2551"]
[BlackElo "2422"]

1.e4 g6 2.d4 Bg7 3.Nc3 c6 4.Nf3 b5 5.e5 d5 6.h3 f6 7.Bd3 Nd7 8.exf6 exf6
9.O-O Kf7 10.a4 b4 11.Ne2 a5 12.Nf4 Nf8 13.c3 bxc3 14.b3 Bh6 15.Qc2 Qd6 16.Ne2 Bxc1
17.Raxc1 Ne6 18.Qxc3 Ne7 19.Nh2 Bd7 20.f4 Ng7 21.Qd2 Rhb8 22.Rc3 Rb4 23.Nf3 Kg8
24.g4 Ne6 25.f5 gxf5 26.Qh6 Qb8 27.Qxf6 Qf8 28.Qxf8+ Nxf8 29.Ne5 fxg4 30.Rxf8+ Rxf8
31.Nxd7 Rf3 32.hxg4 Ng6 33.g5 Kg7 34.Nf6 Rb6 35.Nh5+ Kf8 36.Nhg3 Nf4 37.Nxf4 Rxf4
38.Bxh7 Rxd4 39.g6 Rg4 40.Rf3+ Kg7 41.Kf2 Rb8 42.Nf5+ Kh8 43.Bg8 Rbb4 44.Be6  1-0

[Event "Open"]
[Site "Bled SLO"]
[Date "2001.04.01"]
[Round "9"]
[White "Piber,Vink"]
[Black "Lenic,L"]
[Result "0-1"]
[WhiteElo "2020"]
[BlackElo "2098"]

1.e4 g6 2.d4 Bg7 3.Nc3 c6 4.f4 d5 5.e5 h5 6.Nf3 Bg4 7.Be2 Nh6 8.Be3 e6 9.Qd2 Nd7
10.a4 Nf5 11.Bf2 h4 12.Ng5 Bxe2 13.Nxe2 Bh6 14.Nh3 Bf8 15.a5 Be7 16.b4 Kf8
17.O-O Kg7 18.Ra3 Qc7 19.Ng5 Bxg5 20.fxg5 Qd8 21.g4 hxg3 22.Nxg3 Qe7 23.Nxf5+ exf5
24.h4 Nf8 25.Rb1 a6 26.Qe2 Rd8 27.Rf3 Ne6 28.Rbb3 Rh7 29.Qf1 Rdh8 30.c3 Nxg5
31.Rxf5 gxf5 32.Qg2 Rxh4 33.Bxh4 Rxh4  0-1

[Event "54th ch-YUG Women"]
[Site "Herceg Novi YUG"]
[Date "2001.04.01"]
[Round "9"]
[White "Ivanovic,J"]
[Black "Petrovic,Ma"]
[Result "0-1"]
[WhiteElo "2092"]
[BlackElo "2210"]

1.e4 g6 2.d4 Bg7 3.Nc3 c6 4.Bg5 Qb6 5.e5 Qxb2 6.Ne4 Qb6 7.Qd2 h6 8.Bf4 f5
9.exf6 Nxf6 10.Nxf6+ Bxf6 11.c3 g5 12.Be3 Qa5 13.h4 gxh4 14.Rc1 d6 15.Nf3 h3
16.gxh3 Be6 17.Rc2 Nd7 18.Be2 Qf5 19.c4 Qe4 20.Qd1 Bf5 21.Rb2 c5 22.Rg1 cxd4
23.Bxd4 e5 24.Be3 Qc6 25.Qb3 b6 26.a4 Nc5 27.Bxc5 Qxc5 28.Nd2 Ke7 29.Ra2 Bh4
30.Qf3 Raf8 31.Rg7+ Ke6 32.Qd5+ Qxd5 33.cxd5+ Kxd5 34.Bc4+ Kc6 35.Bb5+ Kd5
36.Bc4+ Kd4 37.Rc7 e4 38.Nb3+ Ke5 39.Rxa7 e3 40.a5 b5 41.Bxb5 Be6  0-1

[Event "It"]
[Site "Antalya TUR"]
[Date "2001.04.03"]
[Round "3"]
[White "Atakisi,U"]
[Black "Popchev,M"]
[Result "1/2-1/2"]
[WhiteElo "2337"]
[BlackElo "2482"]

1.e4 g6 2.d4 Bg7 3.Nc3 c6 4.Nf3 b5 5.Bd3 d6 6.Be3 Nd7 7.Qd2 Bb7 8.h4 h6 9.O-O-O a6
10.e5 dxe5 11.dxe5 Nxe5 12.Nxe5 Bxe5 13.f4 Bg7 14.h5 gxh5 15.Ne4 Nf6 16.Nxf6+ Bxf6
17.Rxh5 Qd7 18.Qf2 Qe6 19.Kb1 Rd8 20.Rdh1 Qg4 21.Be2 Qg7 22.Bc1 Bd4 23.Qf1 Rd6
24.Bf3 Bc8 25.f5 Bd7 26.g4 Kd8 27.Qe1 Kc8 28.Qxe7 Qe5 29.Qxe5 Bxe5 30.Rxh6 Re8
31.Rxd6 Bxd6 32.Bd2 Be5 33.Re1 f6 34.g5 Rh8 35.gxf6 Bxf6 36.Be4 Rh2 37.Be3 Bh4
38.Rh1 Rxh1+ 39.Bxh1 Bxf5 40.Bxc6 Kc7 41.Bf3 Bd7 42.b3 Bc6 43.Bf4+ Kb6 44.Be3+ Kb7
45.Be2 Bf6 46.Bd3 Bc3 47.Bc1 Kb6 48.Be3+ Kb7 49.Kc1 Bf3 50.Bh6 Kb6 51.Bf8 Kc6
52.Bh6 Kb6 53.Be3+ Kc6 54.Bf5 a5 55.Bg6 b4 56.Be8+ Kc7 57.Kb1 Be2 58.Bf4+ Kb6
59.Bg6 Bf3 60.Bd3 Bg4 61.Kc1 Bf3 62.Be3+ Kc7 63.Bd2 Bxd2+ 64.Kxd2 Kb6 65.Ke3 Bg4
66.Kd4 Bh5  1/2-1/2

[Event "54th ch-YUG Women"]
[Site "Herceg Novi YUG"]
[Date "2001.04.08"]
[Round "15"]
[White "Drljevic,L"]
[Black "Petrovic,Ma"]
[Result "0-1"]
[WhiteElo "2128"]
[BlackElo "2210"]

1.e4 g6 2.d4 Bg7 3.Nc3 c6 4.Bc4 d6 5.f4 b5 6.Bb3 a5 7.a4 b4 8.Nce2 d5 9.e5 h5
10.Nf3 Nh6 11.O-O Bf5 12.Ng5 e6 13.h3 Nd7 14.Be3 Nb6 15.Bf2 Bf8 16.Nc1 Be7
17.Nf3 Nc4 18.Nd3 Be4 19.Nd2 Nxd2 20.Qxd2 Nf5 21.c3 Qb6 22.Nc5 bxc3 23.Qxc3 Bxc5
24.dxc5 Qa6 25.Rfd1 Rb8 26.Bc2 Bxc2 27.Qxc2 Rb4 28.Ra3 Kd7 29.g4 hxg4 30.hxg4 Ne7
31.Rf3 Qc4 32.Qxc4 Rxc4 33.b3 Rc2 34.Bd4 Rch2 35.Rdf1 R8h4 36.Rg3 Rc2 37.Rf2 Rc1+
38.Kg2 Rhh1 39.Rd2 g5 40.Rh3 Rxh3 41.Kxh3 gxf4 42.Kh4 Ng6+ 43.Kg5 Ke7 44.Rd3 Rb1
45.Rh3 Re1 46.Bc3 Re3 47.Rxe3 fxe3 48.Bxa5 d4 49.b4 d3 50.b5 cxb5 51.axb5 d2
52.b6 Nxe5 53.b7 Nc6 54.Bc7 d1=Q 55.Bd6+ Ke8  0-1

[Event "Open NOR-ch Junior"]
[Site "Oslo NOR"]
[Date "2001.04.08"]
[Round "3"]
[White "Hersvik,D"]
[Black "Osttveit,M"]
[Result "1-0"]
[WhiteElo "2195"]
[BlackElo "2102"]

1.e4 g6 2.d4 Bg7 3.Nc3 c6 4.Be3 d6 5.Qd2 Nd7 6.f3 b5 7.Nd1 Nb6 8.Bd3 Nc4
9.Bxc4 bxc4 10.Ne2 Rb8 11.O-O Nf6 12.Bh6 O-O 13.Bxg7 Kxg7 14.Qc3 Qb6 15.Kh1 Qb4
16.Qe3 Nd7 17.f4 d5 18.c3 Qb6 19.f5 dxe4 20.fxg6 hxg6 21.Qxe4 Nf6 22.Qxe7 Ng4
23.Ng3 Rb7 24.Qd6 Rd8 25.Qf4 c5 26.h3 cxd4 27.hxg4 dxc3 28.Nxc3 Rh8+ 29.Nh5+ gxh5
30.g5 Rd8 31.Qe5+ Kg8 32.Nd5 Qe6 33.Nf6+ Kh8 34.Qh2 Rxb2 35.Qxh5+ Kg7 36.Qh6+  1-0

[Event "ch-City"]
[Site "St Petersburg RUS"]
[Date "2001.04.12"]
[Round "3"]
[White "Yemelin,V"]
[Black "Utkin,Alek"]
[Result "1-0"]
[WhiteElo "2522"]
[BlackElo "2345"]

1.e4 g6 2.d4 Bg7 3.Nc3 c6 4.Nf3 d6 5.h3 Nf6 6.Bf4 O-O 7.Qd2 Qa5 8.O-O-O b5
9.a3 b4 10.axb4 Qa1+ 11.Nb1 Nxe4 12.Qe3 Nf6 13.Qa3 Qxa3 14.Nxa3 Be6 15.Bd3 Nbd7
16.Rhe1 a5 17.bxa5 Rxa5 18.Ng5 Nd5 19.Bd2 Ra4 20.c3 Nc7 21.Nxe6 Nxe6 22.f4 Re8
23.Nc2 Nc7 24.b3 Raa8 25.Kb2 e6 26.Ra1 c5 27.Rxa8 Rxa8 28.Ra1 Rxa1 29.Kxa1 cxd4
30.Nxd4 Nc5 31.Bc2 Nd5 32.Ka2 e5 33.fxe5 dxe5 34.Ne2 e4 35.b4 Nd3 36.b5 f5
37.Kb3 Ne5 38.c4 Nb6 39.c5 Nbd7 40.Be3 Bf8 41.c6 Bc5 42.c7  1-0

[Event "Open"]
[Site "Metz FRA"]
[Date "2001.04.14"]
[Round "8"]
[White "Bellamine,I"]
[Black "Marechal,A"]
[Result "0-1"]
[WhiteElo "2108"]
[BlackElo "2314"]

1.e4 g6 2.d4 Bg7 3.Nc3 c6 4.Nf3 d5 5.h3 Nf6 6.e5 Ne4 7.Bd3 Nxc3 8.bxc3 c5
9.Bf4 O-O 10.Qd2 Qa5 11.dxc5 Nd7 12.O-O Nxc5 13.Bh6 Ne4 14.Qf4 Qxc3 15.Bxg7 Kxg7
16.Bxe4 dxe4 17.Qxe4 Rb8 18.Nd4 b6 19.Rab1 Ba6 20.Rb3 Qc5 21.Rd1 Rfd8 22.Rg3 Kh8
23.Qf4 Bc4 24.Rg4 Be2 25.Rh4 Bxd1 26.g4 Bxc2  0-1

[Event "Open"]
[Site "Metz FRA"]
[Date "2001.04.15"]
[Round "9"]
[White "Senff,M"]
[Black "Eingorn,V"]
[Result "0-1"]
[WhiteElo "2443"]
[BlackElo "2589"]

1.e4 g6 2.d4 Bg7 3.Nc3 c6 4.f4 d5 5.e5 h5 6.Nf3 Bg4 7.Be3 e6 8.h3 Bxf3 9.Qxf3 h4
10.Bd3 Ne7 11.O-O Nd7 12.b3 Nf5 13.Bf2 b5 14.a4 b4 15.Na2 Bf8 16.c4 bxc3
17.Rac1 Qb6 18.Bxf5 gxf5 19.Rxc3 a5 20.Nc1 Nb8 21.Nd3 Na6 22.Rfc1 Rc8 23.Kh2 Nb4
24.Nxb4 Bxb4 25.R3c2 Kd7 26.Qe3 Rh6 27.Kg1 Ba3 28.Ra1 Be7 29.Rac1 Rg6 30.Qd3 Rh6
31.Qe3 Qa6 32.Qf3 Ba3 33.Ra1 Bb4 34.Rac1 Rhh8 35.Qe3 Rc7 36.Qf3 Qb6 37.Kh2 Qb8
38.Kh1 Qf8 39.Qd3 Qh6 40.Qe3 Rb8 41.Qf3 Rb6 42.Be1 Bxe1 43.Rxe1 Rb4 44.Rd1 Qf8
45.Rd3 Qe7 46.Qh5 Kc8 47.Qh8+ Kb7 48.Qh7 c5 49.dxc5 Rxf4 50.Rdc3 Rf1+ 51.Kh2 Qg5
52.c6+ Ka7 53.g3 d4 54.Rd3 hxg3+ 55.Rxg3 Rh1+ 56.Kxh1 Qxg3 57.Qh8 Qe1+ 58.Kh2 d3  0-1

[Event "Israel Open Ch"]
[Site "Tel Aviv ISR"]
[Date "2001.04.16"]
[Round "8"]
[White "Acs,P"]
[Black "Kantsler,B"]
[Result "0-1"]
[WhiteElo "2509"]
[BlackElo "2507"]

1.e4 g6 2.d4 Bg7 3.Nc3 c6 4.f4 d5 5.e5 Nh6 6.Bd3 f6 7.Nf3 Bg4 8.O-O O-O 9.h3 Bxf3
10.Rxf3 e6 11.Na4 Nd7 12.Be3 Qe7 13.Rb1 a5 14.b3 b5 15.Nc3 Rab8 16.g4 fxe5
17.fxe5 Nf7 18.Kg2 b4 19.Na4 c5 20.Qe2 cxd4 21.Bxd4 Nfxe5 22.Bxe5 Nxe5 23.Re3 Qd6
24.Re1 Nxd3 25.Rxd3 Rfe8 26.Rf3 e5 27.Ref1 Re7 28.Rd3 e4 29.Rdd1 Qc6 30.Qd2 Rd7
31.Rfe1  0-1

[Event "ch-City"]
[Site "St Petersburg RUS"]
[Date "2001.04.18"]
[Round "8"]
[White "Alekseev,E"]
[Black "Utkin,Alek"]
[Result "1/2-1/2"]
[WhiteElo "2510"]
[BlackElo "2345"]

1.e4 g6 2.d4 Bg7 3.Nc3 c6 4.f4 d5 5.e5 h5 6.Be3 Nh6 7.Nf3 Bg4 8.h3 Nf5 9.Bf2 Bxf3
10.Qxf3 h4 11.Bd3 e6 12.O-O Nd7 13.Ne2 b5 14.c3 Nb6 15.b3 Qd7 16.Rfc1 Bf8
17.c4 bxc4 18.bxc4 dxc4 19.Bxc4 Nd5 20.Rab1 Be7 21.Ba6 O-O 22.Bb7 Rab8 23.Bxc6 Qxc6
24.Rxb8 Qxc1+ 25.Nxc1 Rxb8 26.Nb3 a5 27.Qd1 a4 28.Nc5 a3 29.Nd3 Kg7 30.Qc1 Rb7
31.Kf1 Rb8 32.Ke2 Ra8 33.Kf3 Ra4 34.Ke4 Nb4 35.Qc4 Nxd3 36.Qxd3 Rb4 37.Kf3 Rb2
38.Qc4 Rd2 39.Bg1 Bd8 40.Bf2 Be7 41.Bg1 Bf8 42.Bf2 Be7  1/2-1/2

[Event "Astral Open"]
[Site "Bucharest ROM"]
[Date "2001.04.22"]
[Round "1"]
[White "Sanduleac,V"]
[Black "Bodescu,M"]
[Result "1-0"]
[WhiteElo "2457"]
[BlackElo "2105"]

1.e4 g6 2.d4 Bg7 3.Nc3 c6 4.Be3 d6 5.Qd2 a5 6.a4 Na6 7.Nf3 Bd7 8.Be2 Qc7
9.h3 Nb4 10.O-O f5 11.Rfe1 Nf6 12.e5 Nfd5 13.Nxd5 Nxd5 14.Bh6 O-O 15.Bc4 Be8
16.Qg5 Bf7 17.Qh4 Bxh6 18.Qxh6 Kh8 19.c3 Bg8 20.Nh4 Nf4 21.Bf1 dxe5 22.Rxe5 g5
23.Qxg5 Nd5 24.c4 Nf6 25.Nxf5 e6 26.Nh6 Rae8 27.Rae1 Qd7 28.Nxg8 Nxg8 29.Rxa5 Qxd4
30.Qe5+ Qxe5 31.Raxe5 Rf6 32.c5 Nh6 33.Bc4 Rf4 34.b3 Ref8 35.Rxe6 Rxf2 36.Rxh6  1-0

[Event "Tch-NED"]
[Site "NED"]
[Date "2001.04.22"]
[Round "9"]
[White "Hendriks,W"]
[Black "Sziva,E"]
[Result "1-0"]
[WhiteElo "2338"]
[BlackElo "2331"]

1.e4 g6 2.d4 Bg7 3.Nc3 c6 4.f4 d5 5.e5 Nh6 6.Be3 O-O 7.Qd2 Ng4 8.h3 Nxe3
9.Qxe3 f6 10.Nf3 Bh6 11.g3 Bf5 12.O-O-O b5 13.Bd3 Bxd3 14.Qxd3 Nd7 15.Kb1 fxe5
16.Nxe5 Nxe5 17.dxe5 e6 18.h4 Qe7 19.Ne2 b4 20.Rdf1 c5 21.g4 Rf7 22.g5 Bg7
23.h5 gxh5 24.Rxh5 Bf8 25.Rfh1 c4 26.Qh3 Rg7 27.Nd4 Re8 28.Rh6  1-0

[Event "XXXVI Capablanca Mem Mixto"]
[Site "Havana CUB"]
[Date "2001.05.07"]
[Round "3"]
[White "Fleitas,Y"]
[Black "Garcia Castro,P"]
[Result "0-1"]
[WhiteElo "2226"]
[BlackElo "2269"]

1.e4 g6 2.d4 Bg7 3.Nc3 c6 4.Nf3 d5 5.h3 Nh6 6.Bd3 O-O 7.O-O f6 8.Bf4 Nf7
9.exd5 cxd5 10.Re1 a6 11.Na4 Nd7 12.Bg3 e5 13.dxe5 fxe5 14.Bf1 e4 15.Nd4 Nf6
16.c4 Nh5 17.Ne2 d4 18.Qb3 b5 19.cxb5 axb5 20.Nc5 d3 21.Nc3 Nxg3 22.fxg3 Qd4+
23.Kh2 Qxc5 24.Nxe4 Qc2 25.Bxd3 Qxb3 26.axb3 Rxa1 27.Rxa1 Bf5 28.g4 Bxe4
29.Bxe4 Bxb2 30.Ra7 Be5+ 31.g3  0-1

[Event "XXXVI Capablanca Mem Mixto"]
[Site "Havana CUB"]
[Date "2001.05.08"]
[Round "4"]
[White "Delgado Crespo,M"]
[Black "Frometa,Z"]
[Result "1-0"]
[WhiteElo "2235"]
[BlackElo "2180"]

1.e4 g6 2.d4 Bg7 3.Nc3 c6 4.Be3 Nf6 5.e5 Nd5 6.Nxd5 cxd5 7.Qf3 e6 8.h4 d6
9.exd6 Qxd6 10.O-O-O h6 11.Ne2 Nc6 12.Bf4 Qe7 13.Qg3 a6 14.Bd6 Qd8 15.Kb1 Ne7
16.Qf4 b5 17.Be5 O-O 18.Bxg7 Kxg7 19.g4 Bd7 20.Nc1 Rc8 21.Bd3 Qc7 22.Qd2 e5
23.dxe5 Bxg4 24.Rde1 Bf5 25.h5 Bxd3 26.Nxd3 Rh8 27.e6 f6 28.hxg6 Qd6 29.Nf4 Rc4
30.Nh5+ Kxg6 31.Rhg1+ Kxh5 32.Qe2+ Kh4 33.Rg2  1-0

[Event "Backa Open"]
[Site "Palanka YUG"]
[Date "2001.05.08"]
[Round "7"]
[White "Leskur,D"]
[Black "Sanduleac,V"]
[Result "1/2-1/2"]
[WhiteElo "2475"]
[BlackElo "2457"]

1.e4 g6 2.d4 Bg7 3.Nc3 c6 4.f4 d5 5.e5 h5 6.Be3 Nh6 7.Nf3 Bg4 8.h3 Bxf3 9.Qxf3 Nf5
10.Bf2 h4 11.Bd3 e6 12.O-O Bf8 13.Ne2 Nd7 14.b3 Ba3 15.c4 a5 16.Rab1 Nb8
17.Rfd1 Na6 18.Nc3 Be7 19.Bf1 O-O 20.Na4 Nc7 21.Rbc1 Kg7 22.Rc2 dxc4 23.bxc4 Rb8
24.Nb6 Na6 25.Rb2 f6 26.d5 fxe5 27.dxe6 e4 28.Rxd8 exf3 29.Rxf8 Rxf8 30.Nd7 Re8
31.Rxb7 fxg2 32.Kxg2 Nb4 33.a4 Bd6 34.Nc5+ Kh6 35.Kf3 Nc2 36.Nb3 Rxe6 37.Bd3 Ne1+
38.Bxe1 Re3+ 39.Kg2 Rxd3 40.Nxa5 Bxf4 41.Nxc6 Bg3 42.Nb4 Rd1 43.Bc3 Ne3+
44.Kf3 Nxc4 45.Bg7+ Kh5 46.Rb5+ g5 47.a5 Kg6 48.Bc3 Rf1+ 49.Ke2 Rf2+ 50.Kd3 Nb2+
51.Ke4 Re2+ 52.Kf3 Rf2+ 53.Ke4 Re2+ 54.Kf3 Rf2+ 55.Ke4 Re2+ 56.Kf3  1/2-1/2

[Event "XXXVI Capablanca Mem Mixto"]
[Site "Havana CUB"]
[Date "2001.05.14"]
[Round "8"]
[White "Lopez,B"]
[Black "Ramon,V"]
[Result "1-0"]
[WhiteElo "2397"]
[BlackElo "2279"]

1.e4 g6 2.d4 Bg7 3.Nc3 c6 4.Bc4 d6 5.Qf3 e6 6.Nge2 d5 7.Bd3 Nd7 8.h4 Ne7
9.h5 b5 10.h6 Bf8 11.Bg5 b4 12.Nd1 Qa5 13.exd5 Nxd5 14.O-O f6 15.Bd2 Qb6
16.Ne3 Be7 17.c4 Nxe3 18.Bxe3 Qc7 19.Nf4 Nf8 20.Rfe1 Bd7 21.d5 e5 22.dxc6 Bxc6
23.Nd5 Bxd5 24.cxd5 Rd8 25.Rac1 Qa5 26.Bc5 Nd7 27.Bxe7 Kxe7 28.Rc6 Rc8 29.d6+ Kd8
30.Rxc8+ Kxc8 31.Qc6+  1-0

[Event "65th ch-BUL"]
[Site "Tsarevo BUL"]
[Date "2001.05.14"]
[Round "4"]
[White "Kozhuharov,S"]
[Black "Arnaudov,P"]
[Result "1-0"]
[WhiteElo "2322"]
[BlackElo "2265"]

1.e4 g6 2.d4 Bg7 3.Nc3 c6 4.Bc4 d6 5.Qf3 e6 6.Nge2 Nd7 7.h4 h5 8.Bg5 Qa5
9.O-O-O b5 10.Bb3 b4 11.Nb1 d5 12.Qg3 Ba6 13.Nf4 Bf6 14.exd5 cxd5 15.Rhe1 Bxg5
16.Qxg5 Ngf6 17.Nxd5 Nxd5 18.Bxd5 Rc8 19.Bxe6 Qxg5+ 20.hxg5 Kd8 21.Bxf7 Bb7
22.f3 Rc6 23.Nd2 Rf8 24.Bd5 Rb6 25.Bxb7 Rxb7 26.Re6 Rb6 27.d5 Nc5 28.Rxb6 axb6
29.Ne4 Rf5 30.Nd6 Rf4 31.Kd2 Kd7 32.Ke3 Rf8 33.Nc4 Re8+ 34.Kd4 Kc7 35.Ne5 Ra8
36.Nxg6 Ne6+ 37.dxe6 Rd8+ 38.Ke5 Rxd1 39.Kf6 Re1 40.Ne5 Kd8 41.g4 Rg1  1-0

[Event "XXXVI Capablanca Mem Mixto"]
[Site "Havana CUB"]
[Date "2001.05.15"]
[Round "9"]
[White "Collazo,N"]
[Black "Frometa,Z"]
[Result "0-1"]
[WhiteElo "2182"]
[BlackElo "2180"]

1.e4 g6 2.d4 Bg7 3.Nc3 c6 4.Nf3 d5 5.h3 e6 6.e5 b6 7.Ne2 Ba6 8.Nf4 Bxf1 9.Kxf1 c5
10.c3 Nc6 11.g3 Nge7 12.Kg2 Qd7 13.b3 h5 14.Qd3 Rc8 15.Bd2 Nf5 16.g4 Nfe7
17.Rag1 Bh6 18.Ne2 Bxd2 19.Qxd2 Nd8 20.gxh5 Rxh5 21.Ng3 Rh8 22.h4 Nf5 23.h5 Nxg3
24.fxg3 gxh5 25.Rf1 cxd4 26.cxd4 Qe7 27.Ng5 Rc7 28.Rf2 Kd7 29.Rf6 Kc8 30.Qf2 Kb8
31.Kh3 Qb4 32.Rf1 Rf8 33.Nxe6 Nxe6 34.Rxe6 Rg8 35.Rf6 Rc3 36.Rf3 Rxf3 37.Qxf3 Qxd4
38.Qxh5 Qd3 39.Qf3 Qg6 40.Kg2 Qc2+ 41.Rf2 Qg6 42.Qf4 Qg5 43.Qxg5 Rxg5 44.Re2 Kc7
45.Kf3 Kd7 46.Kf4 Rh5 47.g4 Rh1 48.Rf2 Ke6 49.Kg5 d4 50.Kf4 Kd5 51.Kf5 Re1
52.Kf6 Rxe5 53.Kxf7 Rg5 54.Re2 d3 55.Re7 Rxg4 56.Rd7+ Ke4 57.Ke6 Ke3 58.Rxa7 d2  0-1

[Event "ch-NED semi-finals"]
[Site "Leeuwarden NED"]
[Date "2001.05.15"]
[Round "2.1"]
[White "Van der Wiel,J"]
[Black "Van Mil,J"]
[Result "1/2-1/2"]
[WhiteElo "2493"]
[BlackElo "2421"]

1.e4 g6 2.d4 Bg7 3.Nc3 c6 4.Nf3 d5 5.h3 Nh6 6.Bf4 O-O 7.Qd2 dxe4 8.Nxe4 Nf5
9.c3 Nd7 10.Be2 Nb6 11.O-O Nd5 12.Bh2 Bh6 13.Qc2 Nd6 14.Rfe1 Nf4 15.Bf1 Bf5
16.Bxf4 Bxf4 17.Bd3 Bxe4 18.Bxe4 Rc8 19.Rad1 e6 20.Ne5 Qe7 21.Nd3 Nxe4 22.Rxe4 Bd6
23.b4 a5 24.a3 axb4 25.axb4 Ra8 26.c4 Bxb4 27.d5 cxd5 28.cxd5 Bd6 29.dxe6 fxe6
30.Rde1 Rf6 31.Qb3 Re8 32.Nb2 Qf7 33.R1e2 Rf4 34.Nc4 Bb8 35.g3 Rxe4 36.Rxe4 Qf5
37.Re2 Qd5 38.Qb4 Ba7 39.Ne3 Bxe3 40.Rxe3 e5  1/2-1/2